la coyuntura actual de la producción española / (Registro nro. 11677)
[ vista simple ]
| 000 -LEADER | |
|---|---|
| fixed length control field | 00997nam a2200229Ia 4500 |
| 003 - CONTROL NUMBER IDENTIFIER | |
| control field | OSt |
| 005 - DATE AND TIME OF LATEST TRANSACTION | |
| control field | 20210512125830.0 |
| 008 - FIXED-LENGTH DATA ELEMENTS--GENERAL INFORMATION | |
| fixed length control field | 210310s1954 sp gr 000 0 spa d |
| 040 ## - CATALOGING SOURCE | |
| Original cataloging agency | CO-JMCR |
| Transcribing agency | CO-JMCR |
| 082 04 - DEWEY DECIMAL CLASSIFICATION NUMBER | |
| Classification number | 330.946 / |
| Item number | P272c |
| Edition number | 23 |
| 100 1# - MAIN ENTRY--PERSONAL NAME | |
| Personal name | Pérez Urruti, Manuel |
| Relator term | autor |
| 9 (RLIN) | 26163 |
| 245 13 - TITLE STATEMENT | |
| Title | la coyuntura actual de la producción española / |
| Statement of responsibility, etc. | Manuel Pérez Urruti |
| 260 ## - PUBLICATION, DISTRIBUTION, ETC. | |
| Place of publication, distribution, etc. | Madrid, España : |
| Name of publisher, distributor, etc. | Aguilar, |
| Date of publication, distribution, etc. | 1954. |
| 300 ## - PHYSICAL DESCRIPTION | |
| Extent | xv, 217 páginas ; |
| Dimensions | 18 cm. |
| 490 0# - SERIES STATEMENT | |
| Series statement | Biblioteca de Ciencias Sociales ; |
| Volume/sequential designation | Economía |
| 500 ## - GENERAL NOTE | |
| General note | Incluye índices. |
| 505 0# - FORMATTED CONTENTS NOTE | |
| Formatted contents note | Producción, sinónimo de riqueza. -- La balanza comercial. -- El campo español. -- El panorama industrial. -- Las fuentes de energía. - Inventario actual de las principales industrias.-- El problema de los transportes ferroviarios. |
| 650 14 - SUBJECT ADDED ENTRY--TOPICAL TERM | |
| Topical term or geographic name entry element | Economía y producción. |
| Geographic subdivision | España |
| 9 (RLIN) | 37568 |
| 650 24 - SUBJECT ADDED ENTRY--TOPICAL TERM | |
| Topical term or geographic name entry element | Economía agrícola. |
| Geographic subdivision | España |
| 9 (RLIN) | 37569 |
| 650 24 - SUBJECT ADDED ENTRY--TOPICAL TERM | |
| Topical term or geographic name entry element | Economía agraria. |
| Geographic subdivision | España |
| 9 (RLIN) | 37570 |
| 942 ## - ADDED ENTRY ELEMENTS (KOHA) | |
| Source of classification or shelving scheme | Dewey Decimal Classification |
| Koha item type | Books |
| Withdrawn status | Lost status | Source of classification or shelving scheme | Damaged status | Not for loan | Home library | Current library | Shelving location | Date acquired | Source of acquisition | Full call number | Barcode | Date last seen | Copy number | Price effective from | Koha item type |
|---|---|---|---|---|---|---|---|---|---|---|---|---|---|---|---|
| Dewey Decimal Classification | Biblioteca Pública José María del Castillo y Rada | Biblioteca Pública José María del Castillo y Rada | General Stacks | 04/15/2018 | Donación | 330.946 / P272c | 430002119 | 05/16/2024 | Ej.1 | 03/10/2021 | Books |